MACROECONOMICS FOR TODAY (Record no. 215845)

MARC details
000 -LEADER
fixed length control field 00507nam a22001817a 4500
008 - FIXED-LENGTH DATA ELEMENTS--GENERAL INFORMATION
fixed length control field 250708b |||||||| |||| 00| 0 eng d
020 ## - INTERNATIONAL STANDARD BOOK NUMBER
International Standard Book Number 978-1-133-43505-1
050 ## - LIBRARY OF CONGRESS CALL NUMBER
Classification number HB 172.5 .T83 2014
100 ## - MAIN ENTRY--PERSONAL NAME
Personal name TUCKER, IRVIN B.
245 ## - TITLE STATEMENT
Title MACROECONOMICS FOR TODAY
250 ## - EDITION STATEMENT
Edition statement 8
260 ## - PUBLICATION, DISTRIBUTION, ETC.
Place of publication, distribution, etc. MASON, OH
Name of publisher, distributor, etc. SOUTH-WESTERN CENGAGE,
Date of publication, distribution, etc. 2014
300 ## - PHYSICAL DESCRIPTION
Extent XXIX, 624 P.:ILL
500 ## - GENERAL NOTE
General note INCLUDES BIBLIOGRAPHICAL REFERENCES AND INDEX
650 ## - SUBJECT ADDED ENTRY
Topical term or geographic name entry element MACROECONOMICS
942 ## - ADDED ENTRY ELEMENTS (KOHA)
Source of classification or shelving scheme Library of Congress Classification
Koha item type Long Loan Book
Holdings
Withdrawn status Lost status Source of classification or shelving scheme Damaged status Not for loan Collection Home library Current library Shelving location Date acquired Inventory number Total checkouts Full call number Barcode Date last seen Copy number Price effective from Koha item type Date last checked out
    Library of Congress Classification     Business & Economics Kisii University Library Kisii University Library On Display 07/08/2025 108907   HB 172.5 .T83 2014 000000024657 07/08/2025 1 07/08/2025 Long Loan Book  
    Library of Congress Classification     Business & Economics Kisii University Library Kisii University Library On Display 07/08/2025 108908   HB 172.5 .T83 2014 000000024656 07/08/2025 2 07/08/2025 Long Loan Book  
    Library of Congress Classification     Business & Economics Kisii University Library Kisii University Library On Display 07/08/2025 108909 1 HB 172.5 .T83 2014 000000024655 02/23/2026 3 07/08/2025 Long Loan Book 02/10/2026
    Library of Congress Classification     Business & Economics Kisii University Library Kisii University Library On Display 07/08/2025 108910   HB 172.5 .T83 2014 000000024654 07/08/2025 4 07/08/2025 Long Loan Book  
    Library of Congress Classification     Business & Economics Kisii University Library Kisii University Library On Display 07/08/2025 108911   HB 172.5 .T83 2014 000000024695 07/08/2025 5 07/08/2025 Long Loan Book